Abrindo caminho (Record no. 47304)

MARC details
000 -LÍDER
campo de controle de tamanho fixo 00347 a2200157 4500
001 - NÚMERO DE CONTROLE
campo de controle 47304
020 ## - ISBN - INTERNATIONAL STANDARD BOOK NUMBER
ISBN - International Standard Book Number 9788508131136
040 ## - FONTE DA CATALOGAÇÃO
Instituição que transcreveu o registro Anchieta - Aquarius
100 ## - ENTRADA PRINCIPAL--NOME PESSOAL
Nome pessoal Machado, Ana Maria
240 10 - TÍTULO UNIFORME
Título uniforme Abrindo caminho
Idioma da obra por
245 10 - TÍTULO
Título Abrindo caminho
300 ## - DESCRIÇÃO FÍSICA
Extensão 40p.
362 0# - DATAS DE PUBLICAÇÃO E/OU DESIGNAÇÃO SEQUENCIAL
Datas de publicação e/ou designação sequencial 2014
650 #4 - ASSUNTO--TERMO TÓPICO
Cabeçalho tópico ou nome geográfico Literatura infanto-juvenil
942 ## - ELEMENTOS DE ENTRADA ADICIONADOS (KOHA)
Tipo de material Koha Livros
Holdings
Situação do descarte Situação das perdas Situação física Não pode ser emprestado Biblioteca de origem Biblioteca atual Data de aquisição Total de empréstimos Código de barras Data de último acesso Data do preço efetivo Tipo de material Koha Número de chamada completo
        Colégio Anchieta - Aquarius Colégio Anchieta - Aquarius 21/11/2023   5865/AQU 21/11/2023 21/11/2023 Livros  
        Colégio Anchieta - Aquarius Colégio Anchieta - Aquarius 21/11/2023   6484/AQU 21/11/2023 21/11/2023 Livros 028.5 MAC ABR
        Leonardo Da Vinci - Alphaville 2 Leonardo Da Vinci - Alphaville 2 27/03/2024   2A480 27/03/2024 27/03/2024 Livros 028.5 M149ab
        Leonardo Da Vinci - Alphaville 2 Leonardo Da Vinci - Alphaville 2 27/03/2024   2A1076 27/03/2024 27/03/2024 Livros 028.5 M149ab